|
|
|
|
| LEADER |
00974nam a2200253 a 4500 |
| 001 |
GR-Antirio1152 |
| 008 |
150331s1988 nyu g 000 0 emg d |
| 020 |
|
|
|a 002389380X
|
| 040 |
|
|
|a GrPaTEI
|b gre
|c GR-PaULI
|
| 040 |
|
|
|a GrPaTEI
|b gre
|c GR-PaULI
|
| 082 |
|
0 |
|a 621.38043
|2 21
|
| 100 |
1 |
|
|a Organidis, Sophocles J.
|
| 245 |
1 |
0 |
|a Optimum signal processing :
|b an introduction /
|c Sophocles J. Orfanidis.
|
| 250 |
|
|
|a 2nd ed.
|
| 260 |
|
|
|a New York :
|b McGraw-Hill,
|c 1988
|
| 300 |
|
|
|a xvi, 590 σ. :
|b εικ.
|
| 490 |
0 |
|
|a Electrical enginneering series
|
| 650 |
|
0 |
|a Signal processing
|
| 650 |
|
4 |
|a Επεξεργασία σημάτων
|
| 710 |
0 |
|
|a McGraw-Hill
|
| 942 |
|
|
|2 ddc
|
| 952 |
|
|
|0 0
|1 0
|2 ddc
|4 0
|6 621_380430000000000_ORF
|7 0
|9 263090
|a LISK-2
|b LISK-2
|c BSC
|d 2021-01-17
|e 24
|f 0
|g 0.00
|l 0
|o 621.38043 ORF
|p 2430000008902
|r 2021-01-17 00:00:00
|t 1
|w 2021-01-17
|y BK15
|x 20150331 0 ΧΑΣΑΝΗ 1
|x GrPaTEI - Antirrio
|
| 971 |
|
|
|a .b25709513
|b 15-04-20
|c 12-09-16
|
| 999 |
|
|
|c 151476
|d 151476
|